Devine le joueur de foot #20 - Statistiques

Statistiques générales
  • Ce quiz a été pris 107 fois
  • Le résultat moyen est 17 sur 20
Statistiques - réponses
Par images Réponse % Correct
Alexis Sánchez
100%
Désiré Doué
100%
Thibaut Courtois
99%
Jack Grealish
98%
Julian Álvarez
98%
Luis Suárez
98%
Javier Pastore
93%
Salvatore Sirigu
93%
Rodrigo De Paul
91%
Frank Lampard
90%
David Silva
87%
Ronald Koeman
85%
Cesc Fàbregas
79%
Miroslav Klose
79%
Alessandro Bastoni
77%
Alejandro Balde
75%
Gabriel Martinelli
74%
Clarence Seedorf
71%
Kobbie Mainoo
63%
José Roberto Gama de Oliveira
37%
Aucun quiz correspondant
Distribution des résultats
% des personnes avec chaque résultat
Percentile par nombre de réponses
Votre historique - résultats
Vous n’avez pas pris ce quiz